000 01219cam a22003497a 4500
003 CHAP
005 20220329134038.0
008 971013s1983 r 00010 d
010 _a14606
011 _a15578
035 _a19654
040 _cCHAP
090 _aTesis
100 0 0 _aHernández Plascencia, Jorge Antonio.
_954459
245 1 3 _aLa intervención del Estado en la regulación del mercado; la política de precios de maíz en México
260 _aChapingo, Méx. :
_bEL Autor,
_c1983
300 _a174 h.
_b: gráfs.
502 _aTesis (M. en C. Esp. en Economía) -- CP. Centro de Economía Agrícola
590 _aALEPH
_b10
_c20130110
_lUCH01
_h1236
590 _aBATCH-UPD
_b10
_c20130110
_lUCH01
_h1650
590 _aBATCH-UPD
_b10
_c20130410
_lUCH01
_h1040
590 _aBATCH-UPD
_b10
_c20130914
_lUCH01
_h0317
590 _aBATCH-UPD
_b10
_c20130914
_lUCH01
_h2112
590 _aCONVERSION
_b10
_c20130109
_lUCH01
_h1309
650 1 4 _aAgricultura y Estado
_xMéxico.
_92054
650 1 4 _aMaíz
_xMercadeo
_xMéxico.
_971011
650 1 4 _aMaíz
_xPrecios.
_971039
901 _aBK
942 _cFOLL
949 _bBC
_cTES
_d-45840
_eTS1
_i19654
_si
949 _bBC
_cTES
_d33724002013025
_eTS2
_fc.2
_i19654
_si
999 _c14606
_d14606